000 00742nam a2200229Ii 4500
003 JO-AjNU
008 230605s9999||||xx |||||||||||||| ||und||
017 _a2007/8/2624
020 _a978-9957-24-313-5
040 _aJO-AjNU
_bara
_erda
_cJO-AjNU
041 _aara
050 1 4 _aLB1027.5.D33 2008
100 3 _aالداهري،صالح حسن أحمد,
_eauthor
_929850
245 0 0 _aسيكولوجية الإرشاد النفسي المدرسي (أساليبة ونظرياته)
250 _aط1
264 3 1 _aعمان:دار الصفاء،2008
300 _a435ص
336 _atext
_btxt
_2rdacontent
337 _aunmediated
_bn
_2rdamedia
338 _avolume
_bnc
_2rdacarrier
650 4 _aالإرشاد النفسي
_929851
999 _aA11761
_c15329
_d15329